书目信息 |
| 题名: |
鱼雷
|
|
| 作者: | 《鱼雷》编写组编写 | |
| 分册: | ||
| 出版信息: | 北京 国防工业出版社 1978 |
|
| 页数: | 148页 | |
| 开本: | 20cm | |
| 丛书名: | ||
| 单 册: | ||
| 中图分类: | TJ63 | |
| 科图分类: | ||
| 主题词: | 鱼雷 | |
| 电子资源: | ||
| ISBN: | ||
| 000 | 00516nam0 2200217 45 | |
| 001 | 0178002399 | |
| 005 | 20060725154121.85 | |
| 010 | @dCNY0.77 | |
| 091 | @a15034.1684 | |
| 100 | @a19950731d1978 em y0chiy0121 ea | |
| 101 | 0 | @achi |
| 102 | @aCN@b110000 | |
| 105 | @ay z 000yy | |
| 200 | 10 | @a鱼雷@Ayu lei@f《鱼雷》编写组编写 |
| 210 | @a北京@c国防工业出版社@d1978 | |
| 215 | @a148页@d20cm | |
| 300 | @a国内发行 | |
| 606 | @a鱼雷 | |
| 690 | @aTJ63@v3 | |
| 801 | 0 | @aCN@bTSSF@c20060725 |
| 905 | @a10447@dTJ63@e5 | |
| 鱼雷/《鱼雷》编写组编写.-北京:国防工业出版社,1978 |
| 148页;20cm |
| 国内发行 |
| ISBN :CNY0.77 |
| ● |
| 相关链接 |
|
|
|
|
正题名:鱼雷
索取号:TJ63/5
 
预约/预借
| 序号 | 登录号 | 条形码 | 馆藏地/架位号 | 状态 | 备注 |
| 1 | 0438417 | 204384175 | 密集书库/ [索取号:TJ63/5] | 在馆 |